书目信息 |
| 题名: |
铸魂励教 陶冶化育
|
|
| 作者: | 王安平 主编 | |
| 分册: | ||
| 出版信息: | 北京 中国文史出版社 2015 |
|
| 页数: | 293页 | |
| 开本: | 24cm | |
| 丛书名: | ||
| 单 册: | ||
| 中图分类: | G651-53 | |
| 科图分类: | ||
| 主题词: | 师范大学--Shi Fan Da Xue--德育工作--南充--文集 | |
| 电子资源: | ||
| ISBN: | 978-7-5034-6062-3 | |
| 000 | 01004nam0 22002651 450 | |
| 001 | 350876 | |
| 005 | 20161012082359.85 | |
| 010 | @a978-7-5034-6062-3@b精装@dCNY78.00 | |
| 100 | @a20150812d2015 em y0chiy50 ea | |
| 101 | 0 | @achi |
| 102 | @aCN@b110000 | |
| 105 | @ay z 000yy | |
| 106 | @ar | |
| 200 | 1 | @a铸魂励教 陶冶化育@AZhu Hun Li Jiao Tao Ye Hua Yu@e西华师范大学德育理论与实践@f王安平主编 |
| 210 | @a北京@c中国文史出版社@d2015 | |
| 215 | @a293页@d24cm | |
| 300 | @a高校德育成果文库/教育部思想政治工作司组编 | |
| 330 | @a本书阐述了西华师范大学的德育理论与实践,主要内容包括:思想引领、典型示范、服务育人、队伍建设、文化提升五个方面。 | |
| 517 | 1 | @a西华师范大学德育理论与实践@AXi Hua Shi Fan Da Xue De Yu Li Lun Yu Shi Jian |
| 606 | 0 | @a师范大学@AShi Fan Da Xue@x德育工作@y南充@j文集 |
| 610 | 0 | @a西华师范大学@AXi Hua Shi Fan Da Xue |
| 690 | @aG651-53@v5 | |
| 701 | 0 | @a王安平@AWang An Ping@f(1963~)@4主编 |
| 801 | 0 | @aCN@bTANGWEI@c20160808 |
| 905 | @b0892219-22@dG651-53@e108@f4 | |
| 铸魂励教 陶冶化育:西华师范大学德育理论与实践/王安平主编.-北京:中国文史出版社,2015 |
| 293页;24cm |
| 高校德育成果文库/教育部思想政治工作司组编 |
| ISBN 978-7-5034-6062-3(精装):CNY78.00 |
| 本书阐述了西华师范大学的德育理论与实践,主要内容包括:思想引领、典型示范、服务育人、队伍建设、文化提升五个方面。 |
| ● |
| 相关链接 |
|
|
|
|
正题名:铸魂励教 陶冶化育
索取号:G651-53/108
 
预约/预借
| 序号 | 登录号 | 条形码 | 馆藏地/架位号 | 状态 | 备注 |
| 1 | 0892219 | 208922193 | 第一样本阅览室/ [索取号:G651-53/108] | 在馆 | |
| 2 | 0892220 | 208922200 | 第四借阅区/ [索取号:G651-53/108] | 在馆 | |
| 3 | 0892221 | 208922219 | 第四借阅区/ [索取号:G651-53/108] | 在馆 | |
| 4 | 0892222 | 208922228 | 第四借阅区/ [索取号:G651-53/108] | 在馆 |